• 首页
  • 本馆介绍
  • 公告通知
  • 最新文献
  • 馆藏检索
  • 电子资源
  • 读者导购
  • 参考咨询
  • 我的图书馆
  • 登录
  • 详细信息显示
  • 放入我的书架
  • 预约/预借图书
  • 作者相关作品
  • 分类相关作品
  • 丛书相关作品
  • 出版社相关作品

书目信息

  • 表格格式
  • 工作单格式
  • 卡片格式
题名:
数学分析讲义
    
 
作者: 傅沛仁 , 刘玉琏 编
分册: 下册  
出版信息: 北京   人民教育出版社  1982
页数: 452页
开本: 21cm
丛书名:
单 册:
中图分类: O17
科图分类:
主题词: 数学分析
电子资源:
ISBN:
000 00687nam0 2200253 45
001 0181005463
005 20060328155954.59
010    @dCNY1.35
091    @a13012.0739
100    @a19950706d1982 em y0chiy0121 ea
101 0  @achi
102    @aCN@b110000
105    @ay z 000yy
200 10 @a数学分析讲义@Ashu xue fen xi jiang yi@h下册@f刘玉琏,傅沛仁编@FLiu Yu Lian,Fu Pei Ren Bian
205    @a2版
210    @a北京@c人民教育出版社@d1982
215    @a452页@d21cm
606    @a数学分析
690    @aO17@v4
701  0 @a傅沛仁@Afu pei ren@4编
701  0 @a刘玉琏@Aliu yu lian@4编
801  2 @aCN@bNLC@c20060328
801  0 @aCN@b上海图书馆@c20031206
905    @dO17@e10:2
    
    数学分析讲义.下册/刘玉琏,傅沛仁编.-2版.-北京:人民教育出版社,1982
    452页;21cm
    
    
    ISBN :CNY1.35
    
●
相关链接 在E读中查询图书 在五车中查询图书 在当当中查询图书 在豆瓣中查询图书


正题名:数学分析讲义     索取号:O17/10:2         预约/预借

序号 登录号 条形码 馆藏地/架位号 状态 备注
1 0088116   202237524   密集书库/ [索取号:O17/10:2] 在馆    
2 0088119   202237533   密集书库/ [索取号:O17/10:2] 在馆    
3 0088120   000416963   第三借阅区/ [索取号:O17/10:2] 在馆    
唐山师范学院图书馆 欢迎您!
大连网信软件有限公司© 版权所有